01400nab a2200385 a 450000100060000000300080000600500170001400600190003100700150005000800410006502200140010603500220012004000260014205000210016808000080018908200190019710000320021624501550024826000610040330000120046431000180047636200350049453301640052954600660069365000120075965000260077165000130079765000120081065000210082265000260084365500320086971000190090177300320092085600620095238629FlNmELB20241216221609.0m o d | cr cn|||||||||130215s2003 mx |||||s|||||||||||spa d a1405-0471 a(OCoLC)1105873029 aFlNmELBbspacFlNmELB 4aSD429bT153 2003 a63004a634.9/09722221 aTamarit Urias, Juan Carlos.10aAnálisis del escenario de la certificación forestal en el contexto del desarrollo sustentableh[recurso electronico] /cJuan Carlos Tamarit Urias. aXalapa, México :bInstituto de Ecología A.C.,c2003. a3-13 p. aCuatrimestral0 aVol. 9, num. 2 (otoño 2003)- aRecurso electrónico. Santa Fe, Arg.: e-libro, 2015. Disponible vía World Wide Web. El acceso puede estar limitado para las bibliotecas afiliadas a e-libro. aArtículos en español ; resumenes en español e inglés. 4aMadera. 4aProductos forestales. 4aBosques. 0aTimber. 0aForest products. 0aForests and forestry. 4aArtículos electrónicos.2 ae-libro, Corp.0 tMadera y Bosquesx1405-047140uhttps://elibro.net/ereader/politecnicointernacional/18358